Statistics: a first course

সংরক্ষণ করুন:
গ্রন্থ-পঞ্জীর বিবরন
প্রধান লেখক: Donald H Sanders
বিন্যাস: গ্রন্থ
ভাষা:Undetermined
প্রকাশিত: New York McGraw-Hill 1995
বিষয়গুলি:
ট্যাগগুলো: ট্যাগ যুক্ত করুন
কোনো ট্যাগ নেই, প্রথমজন হিসাবে ট্যাগ করুন!
Thư viện lưu trữ: Trung tâm Học liệu Trường Đại học Cần Thơ
LEADER 00488nam a2200181Ia 4500
001 CTU_18974
008 210402s9999 xx 000 0 und d
082 |a 519.5 
082 |b S956 
100 |a Donald H Sanders 
245 0 |a Statistics: a first course 
245 0 |c Donald H Sanders 
260 |a New York 
260 |b McGraw-Hill 
260 |c 1995 
650 |a statistics 
904 |i Nguyễn Quang Điền, 960601 
980 |a Trung tâm Học liệu Trường Đại học Cần Thơ